| 000 | 00796nas a2200265 4500 | ||
|---|---|---|---|
| 001 | BR0904389 | ||
| 003 | BR-BrBNA | ||
| 005 | 20231205113311.0 | ||
| 007 | ta | ||
| 008 | 230509b bl.|||p| |||| 00| 00por d | ||
| 040 |
_aBR-BrBNA _bpor _cBiblioteca Nacional de Agricultura |
||
| 041 | _a(Pt) | ||
| 072 | _aU10 | ||
| 100 | 1 | _aJardim, F.C. da S. | |
| 100 | 1 | _aRibeiro, G.D. | |
| 100 | 1 | _aRosa, L. dos S. | |
| 245 | 1 | _aAvaliação preliminar de sistema agroflorestal no projeto Água Verde, Albrás, Barbacena, Pará. | |
| 650 | _aFLORESTA | ||
| 650 | _aPROJETO AGUA VERDE | ||
| 650 | _aBARBACENA | ||
| 650 | _aPARÁ | ||
| 773 | 0 |
_tRevista de Ciências Agrárias (Brazil) _xISSN 1517-591X _gv. 41 p. 26-45 _wBR0904389 |
|
| 909 |
_a202311 _bLúcia _c55 _dLúcia Elande |
||
| 942 |
_2AGRIS _n0 _cANA |
||
| 999 |
_c202996 _d202996 |
||